[Event "Mauricie op"]
[Site "Trois Rivieres"]
[Date "2009.03.22"]
[Round "4"]
[White "Kraiouchkine, Nikita"]
[Black "Panayotov, Ivo"]
[Result "1-0"]
[WhiteElo "2243"]
[BlackElo "1975"]
[PlyCount "89"]
[EventDate "2009.03.20"]
[EventType "swiss"]
[EventRounds "5"]
[EventCountry "CAN"]
[SourceTitle "EXT 2011"]
[Source "ChessBase"]
[SourceDate "2010.11.26"]
[SourceVersion "1"]
[SourceVersionDate "2010.11.26"]
[SourceQuality "1"]

1. e4 g6 2. d4 Bg7 3. Nc3 d6 4. f4 c6 5. Nf3 Bg4 6. Be2 Nd7 7. Be3 e6 8. 0-0 Ne7 9. a4 0-0 10. Qe1 Qc7 11. Qh4 Bxf3 12. Rxf3 Bf6 13. Qf2 Bg7 14. g4 f5 15. Qh4 Rfe8 16. gxf5 exf5 17. e5 d5 18. Qe1 Kf7 19. a5 b5 20. Bd2 Ng8 21. Na2 Bf8 22. Bb4 Bxb4 23. Nxb4 Nf8 24. Rc3 Qb7 25. Rxc6 Ne6 26. a6 Qd7 27. Qh4 h6 28. Bxb5 Qe7 29. Qxe7+ Rxe7 30. Nxd5 Rd7 31. Bc4 Nxd4 32. Rd1 Nxc6 33. Nf6+ Kg7 34. Rxd7+ Nge7 35. Bd5 Kf8 36. Rxe7 Kxe7 37. Bxc6 Rc8 38. Nd5+ Kf7 39. Nb4 g5 40. Bd5+ Kg6 41. Nc6 Kh5 42. e6 Kg4 43. fxg5 f4 44. e7 f3 45. Ne5+ 1-0

[Event "Mauricie op"]
[Site "Trois Rivieres"]
[Date "2009.03.21"]
[Round "2"]
[White "Anastasovski, Nikola"]
[Black "Panayotov, Ivo"]
[Result "1/2-1/2"]
[WhiteElo "2091"]
[BlackElo "1975"]
[PlyCount "90"]
[EventDate "2009.03.20"]
[EventType "swiss"]
[EventRounds "5"]
[EventCountry "CAN"]
[SourceTitle "EXT 2011"]
[Source "ChessBase"]
[SourceDate "2010.11.26"]
[SourceVersion "1"]
[SourceVersionDate "2010.11.26"]
[SourceQuality "1"]

1. e4 d5 2. exd5 Qxd5 3. Nc3 Qd6 4. Nf3 Nf6 5. h3 Bf5 6. d3 Nc6 7. Be3 e5 8. Nd2 0-0-0 9. g4 Be6 10. Bg2 a6 11. Bg5 Be7 12. Bxf6 gxf6 13. Qf3 Qb4 14. 0-0-0 Nd4 15. Qe4 Rd6 16. a3 Qb6 17. Nc4 Bxc4 18. dxc4 c6 19. f4 Qa5 20. Rd3 Ne6 21. fxe5 Rxd3 22. Qxd3 Qxe5 23. Qe4 h5 24. Re1 hxg4 25. hxg4 Bd6 26. Rf1 Nf4 27. Qxe5 fxe5 28. Be4 Kc7 29. Bf5 Rh2 30. Rd1 b6 31. Kb1 Ne6 32. Ne4 Be7 33. c3 Rh8 34. b4 Rd8 35. Rh1 Ng7 36. Rh7 Nxf5 37. gxf5 Rf8 38. Kc2 Kd8 39. Kd3 f6 40. c5 b5 41. Kc2 Ke8 42. Rh6 Kf7 43. Rh7+ Ke8 44. Rh6 Kf7 45. Rh7+ Ke8 1/2-1/2

[Event "Montreal Mercredi 01"]
[Site "Montreal"]
[Date "2009.01.28"]
[Round "4"]
[White "Leutschaft, Martin"]
[Black "Panayotov, Ivo"]
[Result "1-0"]
[WhiteElo "2120"]
[BlackElo "1970"]
[PlyCount "99"]
[EventDate "2009.01.07"]
[EventType "tourn"]
[EventRounds "5"]
[EventCountry "CAN"]
[SourceTitle "EXT 2011"]
[Source "ChessBase"]
[SourceDate "2010.11.26"]
[SourceVersion "1"]
[SourceVersionDate "2010.11.26"]
[SourceQuality "1"]

1. c3 Nf6 2. Nf3 g6 3. d4 Bg7 4. Nbd2 d5 5. g3 0-0 6. Bg2 Nbd7 7. 0-0 c5 8. e3 b6 9. Qa4 Bb7 10. Re1 Qc7 11. Qc2 Rfe8 12. a4 e5 13. Nxe5 Nxe5 14. dxe5 Rxe5 15. Nf3 Ree8 16. Bd2 Bc8 17. Rec1 Bf5 18. Qd1 Be4 19. Ne1 h5 20. Bh3 Qe5 21. Nf3 Bxf3 22. Qxf3 Ne4 23. Qe2 f5 24. Be1 Kh7 25. Bg2 Qc7 26. Rd1 Red8 27. a5 Qc6 28. axb6 axb6 29. Rxa8 Rxa8 30. Qd3 Ra2 31. Qxd5 Qxd5 32. Rxd5 Nf6 33. Rd2 Ne4 34. Bxe4 fxe4 35. Kf1 Kh6 36. f3 exf3 37. Kf2 b5 38. Kxf3 b4 39. cxb4 cxb4 40. b3 Bc3 41. Rxa2 Bxe1 42. e4 Bc3 43. h4 Kg7 44. Kf4 Kf6 45. Ra6+ Kf7 46. e5 Bd2+ 47. Ke4 Be1 48. Rf6+ Kg7 49. Rf3 Bc3 50. Kd5 1-0

[Event "Montreal Mercredi 10"]
[Site "Montreal"]
[Date "2008.11.05"]
[Round "5"]
[White "Panayotov, Ivo"]
[Black "Le Duin, Thierry"]
[Result "1/2-1/2"]
[WhiteElo "2001"]
[BlackElo "2020"]
[PlyCount "89"]
[EventDate "2008.10.08"]
[EventType "tourn"]
[EventRounds "5"]
[EventCountry "CAN"]
[SourceTitle "EXT 2011"]
[Source "ChessBase"]
[SourceDate "2010.11.26"]
[SourceVersion "1"]
[SourceVersionDate "2010.11.26"]
[SourceQuality "1"]

1. e4 d5 2. exd5 Nf6 3. Bb5+ Bd7 4. Be2 Nxd5 5. d4 Bf5 6. Nf3 Nc6 7. 0-0 e6 8. a3 Be7 9. c4 Nb6 10. Nc3 Bf6 11. Be3 0-0 12. b4 Bg4 13. Ne4 Be7 14. Nc5 Qc8 15. Ne5 Nxe5 16. dxe5 Rd8 17. Qe1 Bf5 18. Rd1 Bxc5 19. Bxc5 Bc2 20. Rxd8+ Qxd8 21. Qc3 Ba4 22. f4 Nd7 23. Be3 Nf8 24. Bf3 c6 25. Rf2 Qh4 26. g3 Qh3 27. Rd2 Qf5 28. Kg2 Qb1 29. Qd4 Qb3 30. g4 Qxa3 31. c5 Bb3 32. f5 Bd5 33. Bxd5 cxd5 34. f6 gxf6 35. exf6 Ng6 36. Bf2 e5 37. Qe3 Qxe3 38. Bxe3 d4 39. Bh6 a6 40. Kf3 Re8 41. Ke4 Nf8 42. Rf2 Nd7 43. Rf5 Re6 44. Rg5+ Kh8 45. Bg7+ 1/2-1/2

[Event "Montreal Mercredi 10"]
[Site "Montreal"]
[Date "2008.10.15"]
[Round "2"]
[White "Panayotov, Ivo"]
[Black "Gilman, Arkadiy M"]
[Result "0-1"]
[WhiteElo "2001"]
[BlackElo "2087"]
[PlyCount "63"]
[EventDate "2008.10.08"]
[EventType "tourn"]
[EventRounds "5"]
[EventCountry "CAN"]
[SourceTitle "EXT 2011"]
[Source "ChessBase"]
[SourceDate "2010.11.26"]
[SourceVersion "1"]
[SourceVersionDate "2010.11.26"]
[SourceQuality "1"]

1. e4 e6 2. d4 d5 3. Nd2 Nf6 4. e5 Nfd7 5. c3 c5 6. Bd3 Nc6 7. Ne2 Qb6 8. Nf3 cxd4 9. cxd4 f6 10. exf6 Nxf6 11. 0-0 Bd6 12. Bf4 Bxf4 13. Nxf4 0-0 14. Qd2 Bd7 15. Rfe1 Rae8 16. Rac1 Kh8 17. Bb1 g5 18. Ne2 g4 19. Ne5 Nxe5 20. dxe5 Nh5 21. Qh6 Qxf2+ 22. Kh1 Qf7 23. Rc7 Re7 24. Bxh7 Qf2 25. Bd3+ Kg8 26. Rg1 Qh4 27. g3 Nxg3+ 28. Nxg3 Qxh6 29. Ne2 Qg7 30. Nd4 Rf2 31. Rg2 Rxg2 32. Kxg2 0-1

[Event "Mauricie op"]
[Site "Trois Rivieres"]
[Date "2008.03.28"]
[Round "1"]
[White "Panayotov, Ivo"]
[Black "Drolet, Stephane"]
[Result "0-1"]
[WhiteElo "1939"]
[BlackElo "2141"]
[PlyCount "64"]
[EventDate "2008.03.28"]
[EventType "swiss"]
[EventRounds "5"]
[EventCountry "CAN"]
[SourceTitle "EXT 2011"]
[Source "ChessBase"]
[SourceDate "2010.11.26"]
[SourceVersion "1"]
[SourceVersionDate "2010.11.26"]
[SourceQuality "1"]

1. e4 e6 2. d4 d5 3. exd5 exd5 4. Nf3 Nc6 5. c3 Bd6 6. Bg5 Nge7 7. Bd3 Bg4 8. Nbd2 Qd7 9. 0-0 f6 10. Bh4 h5 11. Qc2 0-0-0 12. Bg3 g5 13. Bxd6 Qxd6 14. b4 Rdg8 15. a4 h4 16. a5 Bxf3 17. Nxf3 g4 18. Nd2 Nd8 19. Nb3 Ne6 20. Nc5 Nf4 21. Rae1 g3 22. fxg3 hxg3 23. h3 Rh4 24. Bf5+ Kb8 25. Ne6 Nh5 26. Rf3 Ng7 27. Nxg7 Rxg7 28. Re6 Qd8 29. Qe2 Rh8 30. Bg4 Rxg4 31. hxg4 Rh1+ 32. Kxh1 Qh8+ 0-1

[Event "Quebec Carnaval op"]
[Site "Quebec"]
[Date "2005.02.20"]
[Round "4"]
[White "Caire, Francois"]
[Black "Panayotov, Ivo"]
[Result "1-0"]
[WhiteElo "2201"]
[BlackElo "1834"]
[PlyCount "81"]
[EventDate "2005.02.??"]
[EventType "swiss"]
[EventRounds "5"]
[EventCountry "CAN"]
[SourceTitle "EXT 2006"]
[Source "ChessBase"]
[SourceDate "2005.11.24"]
[SourceVersion "1"]
[SourceVersionDate "2005.11.24"]
[SourceQuality "1"]

1. d4 Nf6 2. c4 e6 3. Nf3 d5 4. Nc3 Nbd7 5. Bg5 Be7 6. e3 0-0 7. Qc2 h6 8. Bh4 b6 9. cxd5 exd5 10. Bd3 Bb7 11. 0-0 Ne4 12. Nxe4 Bxh4 13. Nxh4 Qxh4 14. Qxc7 Bc8 15. Qg3 Qe7 16. Qd6 Qxd6 17. Nxd6 Nf6 18. Nxc8 Rfxc8 19. Rfc1 Kf8 20. Bf5 Rxc1+ 21. Rxc1 Re8 22. Kf1 g6 23. Bd3 Re7 24. Ke2 Rd7 25. Rc8+ Ke7 26. Bb5 Rd8 27. Rc7+ Ke6 28. Rxa7 Rc8 29. Bd3 Ne4 30. Bxe4 dxe4 31. Kd2 Rc6 32. Ra3 f5 33. Rc3 Rd6 34. b4 f4 35. b5 g5 36. Rc6 h5 37. Rxd6+ Kxd6 38. g3 fxg3 39. fxg3 Kd5 40. Kc3 g4 41. Kb4 1-0

[Event "Quebec Carnaval op"]
[Site "Quebec"]
[Date "2005.02.19"]
[Round "2"]
[White "Cazelais, Marc"]
[Black "Panayotov, Ivo"]
[Result "1/2-1/2"]
[WhiteElo "2249"]
[BlackElo "1834"]
[PlyCount "56"]
[EventDate "2005.02.??"]
[EventType "swiss"]
[EventRounds "5"]
[EventCountry "CAN"]
[SourceTitle "EXT 2006"]
[Source "ChessBase"]
[SourceDate "2005.11.24"]
[SourceVersion "1"]
[SourceVersionDate "2005.11.24"]
[SourceQuality "1"]

1. e4 c5 2. c3 d5 3. exd5 Qxd5 4. d4 Nc6 5. dxc5 Qxd1+ 6. Kxd1 Bf5 7. Be3 Nf6 8. Nf3 Ng4 9. Bb5 a6 10. Bxc6+ bxc6 11. Nbd2 e5 12. b4 0-0-0 13. Re1 f6 14. h3 Nxe3+ 15. fxe3 g6 16. g4 Be6 17. Kc2 Bg7 18. Ne4 Kc7 19. a4 h5 20. Nf2 hxg4 21. hxg4 Bd5 22. e4 Bc4 23. Rh1 Be2 24. Rxh8 Rxh8 25. Ng1 Bc4 26. Nf3 Be2 27. Ng1 Bb5 28. Nf3 Be2 1/2-1/2